[Event "Montigny le Bretonneux op 22nd"]
[Site "Montigny le Bretonneux"]
[Date "2023.12.30"]
[Round "7"]
[White "Prevost, Yvan"]
[Black "Lim, Chin"]
[Result "1-0"]
[WhiteElo "1272"]
[BlackElo "1885"]
[PlyCount "105"]
[EventDate "2023.12.27"]
[EventType "swiss"]
[EventRounds "7"]
[EventCountry "FRA"]
[SourceTitle "CB06_2024"]
[SourceDate "2024.02.07"]
[SourceVersion "1"]
[SourceVersionDate "2024.02.07"]
[SourceQuality "1"]

1. e4 d6 2. d4 Nf6 3. Nc3 g6 4. Bd3 Bg7 5. Be3 Nc6 6. h3 e5 7. d5 Ne7 8. f3 a6 9. Qd2 b5 10. Nge2 Bd7 11. Nd1 0-0 12. g4 c5 13. c4 b4 14. b3 a5 15. h4 h5 16. g5 Ne8 17. a3 f5 18. a4 Nc7 19. Rf1 fxe4 20. fxe4 Rxf1+ 21. Kxf1 Bh3+ 22. Kg1 Qd7 23. Nf2 Rf8 24. Kh2 Bg4 25. Ng1 Nf5 26. exf5 gxf5 27. Nxg4 hxg4 28. Rf1 f4 29. Bf2 e4 30. Be2 Be5 31. Kg2 f3+ 32. Bxf3 exf3+ 33. Kh1 g3 34. Bxg3 Bxg3 35. Qd3 Qh7 36. Qxh7+ Kxh7 37. Rxf3 Rxf3 38. Nxf3 Bf4 39. h5 Nxd5 40. cxd5 c4 41. g6+ Kh6 42. Nd4 Be5 43. Nf5+ Kxh5 44. Ne3 c3 45. Kg2 Kxg6 46. Kf3 Bf6 47. Ke4 Kg5 48. Kd3 Kf4 49. Nc4 Bd4 50. Nxa5 Ke5 51. Nc6+ Kxd5 52. Nxd4 Kc5 53. Nc2 1-0

[Event "Montigny le Bretonneux op 22nd"]
[Site "Montigny le Bretonneux"]
[Date "2023.12.28"]
[Round "4"]
[White "Lim, Chin"]
[Black "Lanfant, Kevin"]
[Result "1-0"]
[WhiteElo "1885"]
[BlackElo "1213"]
[PlyCount "53"]
[EventDate "2023.12.27"]
[EventType "swiss"]
[EventRounds "7"]
[EventCountry "FRA"]
[SourceTitle "CB06_2024"]
[SourceDate "2024.02.07"]
[SourceVersion "1"]
[SourceVersionDate "2024.02.07"]
[SourceQuality "1"]

1. d4 f5 2. Nc3 Nf6 3. Bg5 g6 4. e3 Bg7 5. Bc4 e6 6. h4 h6 7. Bf4 d6 8. Qd2 c6 9. f3 b5 10. Bd3 Nh5 11. Nce2 Qe7 12. 0-0-0 d5 13. g4 Nxf4 14. Nxf4 Qf6 15. h5 g5 16. Ng6 Rg8 17. Ne2 Qf7 18. f4 Bf6 19. Rdf1 fxg4 20. fxg5 Nd7 21. gxf6 Nxf6 22. Ne5 Qg7 23. Bg6+ Kd8 24. Qa5+ Ke7 25. Qc7+ Bd7 26. Nxc6+ Kf8 27. Qd6+ 1-0

[Event "Montigny le Bretonneux op 25th"]
[Site "Montigny le Bretonneux"]
[Date "2023.05.21"]
[Round "9"]
[White "Lim, Chin"]
[Black "Divies, Renaud"]
[Result "0-1"]
[WhiteElo "1903"]
[BlackElo "1855"]
[PlyCount "68"]
[EventDate "2023.05.18"]
[EventType "swiss"]
[EventRounds "9"]
[EventCountry "FRA"]
[SourceTitle "CBM 214 Extra"]
[Source "ChessBase"]
[SourceDate "2023.07.31"]
[SourceVersion "1"]
[SourceVersionDate "2023.07.31"]
[SourceQuality "1"]

1. d4 c5 2. c3 g6 3. Nf3 Bg7 4. e4 b6 5. Bf4 Bb7 6. Nbd2 Nf6 7. Qc2 0-0 8. Be2 d6 9. Bg5 Nbd7 10. h4 h6 11. e5 hxg5 12. exf6 exf6 13. h5 f5 14. Bc4 Re8+ 15. Kf1 d5 16. Bb5 Bf6 17. hxg6 fxg6 18. g4 a6 19. Bd3 c4 20. Be2 Qc7 21. gxf5 Kg7 22. fxg6 Rh8 23. Kg2 Qf4 24. Rag1 Qg4+ 25. Kf1 Rxh1 26. Rxh1 Rh8 27. Rg1 Qh3+ 28. Ke1 g4 29. Ne5 Bxe5 30. dxe5 Nxe5 31. Qf5 Re8 32. Kd1 Bc8 33. Qf4 b5 34. Nf1 Qh6 0-1

[Event "Montigny le Bretonneux op 25th"]
[Site "Montigny le Bretonneux"]
[Date "2023.05.20"]
[Round "6"]
[White "Lim, Chin"]
[Black "Zheng, Linyi"]
[Result "1-0"]
[WhiteElo "1903"]
[BlackElo "1561"]
[PlyCount "65"]
[EventDate "2023.05.18"]
[EventType "swiss"]
[EventRounds "9"]
[EventCountry "FRA"]
[SourceTitle "CBM 214 Extra"]
[Source "ChessBase"]
[SourceDate "2023.07.31"]
[SourceVersion "1"]
[SourceVersionDate "2023.07.31"]
[SourceQuality "1"]

1. d4 d5 2. c4 c6 3. cxd5 cxd5 4. Nc3 Nf6 5. Bf4 Nc6 6. Nf3 Bf5 7. e3 a6 8. Be2 e6 9. Ne5 Rc8 10. 0-0 Bd6 11. Qa4 0-0 12. Bxa6 Nxd4 13. Bxb7 Rb8 14. Qxd4 Rxb7 15. b3 Qc7 16. Na4 Rb4 17. Qc3 Re4 18. Qxc7 Bxc7 19. Ng6 Bxf4 20. Nxf4 e5 21. Ne2 Rb4 22. Rad1 Be6 23. Nc5 Rd8 24. a3 Rb6 25. b4 Nd7 26. Nxd7 Rxd7 27. Nc3 d4 28. Na4 Rb8 29. Nc5 Rd6 30. f4 Bg4 31. fxe5 Rd5 32. Rxd4 Rxe5 33. Rxg4 1-0